| 000 | 00617nam a22002297a 4500 | ||
|---|---|---|---|
| 003 | DO-SdBNP | ||
| 005 | 20221102135351.0 | ||
| 007 | ta | ||
| 008 | 221102b202- dr ||||| |||| 00| 0 spa d | ||
| 020 | _a97899454760109 | ||
| 040 |
_aDO-SdBNP _bspa _cBNPHU |
||
| 082 | 4 | _222 | |
| 100 | 1 |
_aBierd, David _982634 |
|
| 245 | 1 | 0 |
_a!Yo tengo un llamado ¡ / _cDavid Bierd |
| 250 | _a2a ed. | ||
| 260 |
_aSanto Domingo : _bs.n., _c202-. |
||
| 300 |
_a157 p. ; _c23 cm. |
||
| 500 | _aIncluye datos biográficos del autor en la contracubierta | ||
| 590 | _aInventariado, 2022/BT | ||
| 910 | _aBtavárez | ||
| 942 |
_2ddc _cLBS1 |
||
| 999 |
_c52746 _d52746 |
||